Is democracy the solution?

Sparad:
Bibliografiska uppgifter
Materialtyp: Text
Ämnen:
Taggar: Lägg till en tagg
Inga taggar, Lägg till första taggen!

MARC

LEADER 00000 a a2200000 04500
001 11998
003
040
245 |a Is democracy the solution?  
650 |a GUERRA  
650 |a PODER  
650 |a INTERACCION SOCIAL  
650 |a INSTITUCIONES  
650 |a IDEOLOGIAS  
650 |a IDENTIDAD CULTURAL  
650 |a GEOPOLITICA  
650 |a DEMOCRACIA  
650 |a DESARROLLO SOCIAL  
650 |a AMERICA LATINA  
773 |g número 50; páginas 29-32  
999 |c 37971  |d 37971